| 000 | 01362nam a2200373 i 4500 | ||
|---|---|---|---|
| 001 | 196292 | ||
| 003 | ES-MaACL | ||
| 005 | 20250805062621.0 | ||
| 007 | ta | ||
| 008 | 240828s2017 sp a | |||| 000 f spa | ||
| 017 |
_aM 15190-2017 _bOficina Depósito Legal Madrid |
||
| 020 | _a9788491391739 | ||
| 035 | _a(OCoLC)1050752309 | ||
| 035 | _a(SpMaBN)a6026096 | ||
| 035 | _a991005064699708606 | ||
| 040 |
_aSpMaBN _bspa _cSpMaBN _erdc _dES-MaACL |
||
| 080 | _a355.48 (442.8 Dunkerque) "1940" | ||
| 100 |
_aLevine, Joshua _9238636 |
||
| 245 | 1 | 0 |
_aDunkerque / _cJoshua Levine ; [traductor, Víctor Horrillo Ledesma]. |
| 260 |
_aMadrid : _bHarperCollins, _cD. L. 2017. |
||
| 300 |
_a382 p., [8] p. de lám. : _c23 cm. |
||
| 500 | _a"Incluye una entrevista exclusiva con el director Chistopher Nolan"--Cubierta. Traducción de: Dunkirk | ||
| 504 | _aBibliografía: p. 375-382 | ||
| 594 | _aTitulo original: Dunkirk | ||
| 650 | 0 |
_aBatalla de Dunkerque, 1940 _2embne _9238637 |
|
| 700 |
_aNolan, Christopher _9238638 |
||
| 852 |
_aES-MaACL _cDEPOJ _jA-15523 _9204009 _hDonación: Fernando Codina Rodríguez |
||
| 903 |
_aCodina Rodríguez, Fernando _q1 _ednr _9238631 |
||
| 942 |
_n0 _cMONOGRAFIA |
||
| 999 |
_c196292 _d196292 |
||